| 000 | 00940nam a2200301 a 4500 | ||
|---|---|---|---|
| 001 | 200461286 | ||
| 003 | TR-AnTOB | ||
| 005 | 20241129154616.0 | ||
| 007 | ta | ||
| 008 | 240626s2001 tu a 000 0 tur d | ||
| 040 |
_aTR-AnTOB _beng _erda _cTR-AnTOB |
||
| 041 | _atur | ||
| 050 | 4 |
_aDS51.S64 _bK87 |
|
| 090 |
_aDS51.S64 _bK87 2001 |
||
| 245 | 0 | 0 |
_aKuruluş ve kurtuluşun beşiği Ertuğrul Gazi ocağı : _bSöğüt / |
| 246 | 3 | 0 | _aSöğüt |
| 264 | 1 |
_aBilecik : _bBilecik Söğüt Belediyesi, _c2001. |
|
| 300 |
_a103 pages : _bcolor illustrations, maps ; _c31 cm |
||
| 336 |
_atext _btxt _2rdacontent |
||
| 337 |
_aunmediated _bn _2rdamedia |
||
| 338 |
_avolume _bn _2rdacarrier |
||
| 504 | _aBIB | ||
| 651 | 7 |
_aSöğüt (Bilecik, Türkiye) _xSosyal yaşam ve gelenekler _9145916 |
|
| 651 | 7 |
_aSöğüt (Bilecik, Türkiye) _xTarih _2etuturkob _9145891 |
|
| 942 |
_2lcc _cBK |
||
| 945 | _a.i17291781 | ||
| 999 |
_c200461286 _d79498 |
||